Statistics for Chorus Jumble #3

Click here to take the quiz!

General Stats

  • This quiz has been taken 30 times
  • The average score is 17 of 24

Answer Stats

HintAnswer% Correct
9Deep
91%
3Had
91%
7In
91%
6Rolling
91%
5All
87%
4It
87%
8The
87%
2Could've
83%
1We
78%
11Had
74%
13Heart
74%
10You
74%
12My
70%
18And
65%
14Inside
61%
20Played
61%
19You
61%
16Your
61%
24Beat
57%
17Hand
57%
23The
57%
21It
52%
15Of
52%
22To
52%

Score Distribution

Percentile by Number Answered

Percent of People with Each Score

Your Score History

You have not taken this quiz